000 01270njm a22002777a 4500
005 2010090709349.0
006 a|||||r|||||00| 0
007 sd ammalaaahaa
008 100901t xxu||||| |||| 00| 0 eng d
028 _aN 53899
_bHis Master's Voice
035 _aGR-00930
040 _aSED
_cSED
100 _aMukesh
_917825
245 _aPyaar ka saagar /
_cby Mukesh [and] Asha Bhosle; music by Ravi; lyrics by Prem Dhawan
_h[sound recording]
246 _aप्यार का सागर / मुकेश द्वारा
260 _aDum Dum, India
_bHis Master's Voice
300 _a1 sound disc [Gramophone Recording] :
_banalog, 33 1/3 rpm
_c9.5 in. (MP)
_fGramophone Records
500 _aBrief record
505 _aSide-1 सदा खुश रहे तू जफा करने वाले (Sada khush rahe tu jafa karne wale) (Mukesh) -- Side-2 रात रात भर जाग जाग कर (Raat raat bhar jaag jaag kar) (Asha Bhosle)
650 _aClassical music
_xExcerpts
_zIndia
_917826
700 _aBhosle, Asha
_917827
700 _917828
_aRavi
700 _aDhawan, Prem
_918691
942 _2ddc
_cGR
999 _c44145
_d44145